|
|
|
|
| LEADER |
00982nam a2200205 a 4500 |
| 001 |
1727595 |
| 008 |
100126s1971 ilua 000 0 eng d |
| 010 |
|
|
|a 73161319
|
| 040 |
|
|
|a DLC
|c DLC
|d DLC
|d BD-DhAAL
|
| 082 |
0 |
0 |
|a 362.8/2
|2 17
|
| 100 |
1 |
|
|a Zawacki, April Allison.
|
| 245 |
1 |
2 |
|a A textbook for family planning field workers /
|a pril Allison Zawacki.
|
| 260 |
|
|
|a Chicago
|b Community and Family Study Center, University of Chicago
|c c1971
|
| 300 |
|
|
|a 182 p.
|b illus.
|c 23 cm.
|
| 541 |
1 |
|
|e 00003830
|
| 650 |
|
0 |
|a Family planning
|x Study and teaching.
|
| 852 |
4 |
|
|a Ayesha Abed Library
|j General shelf
|
| 999 |
|
|
|c 7223
|d 7223
|
| 952 |
|
|
|0 0
|1 0
|2 ddc
|4 0
|6 362_820000000000000_ZAW_1971
|7 0
|9 7531
|a BRACUL
|b BRACUL
|c GEN
|d 2010-01-27
|g 0.00
|l 0
|o 362.82 ZAW
|p 3010003830
|r 2010-01-27
|t 1
|w 2010-01-27
|y BK
|z Not price in Register
|
| 952 |
|
|
|0 0
|1 0
|2 ddc
|4 0
|6 362_820000000000000_ZAW_1971
|7 0
|9 7727
|a BRACUL
|b BRACUL
|c GEN
|d 2010-02-03
|g 0.00
|l 0
|o 362.82 ZAW
|p 3010001193
|r 2010-02-03
|t 2
|w 2010-02-03
|y BK
|z Not price in Register
|